Normal view
MARC view
Entry Personal Name
001 - CONTROL NUMBER
- control field: 26492
003 - CONTROL NUMBER IDENTIFIER
- control field: OSt
005 - DATE AND TIME OF LATEST TRANSACTION
- control field: 20231024113435.0
008 - FIXED-LENGTH DATA ELEMENTS
- fixed length control field: 231024|| aca||aabn | a|a d
040 ## - CATALOGING SOURCE
- Original cataloging agency: OSt
- Transcribing agency: OSt
100 ## - HEADING--PERSONAL NAME
- Personal name: Kawakami, Hiromi.
670 ## - SOURCE DATA FOUND
- Source citation: Work cat.: (OSt): Kawakami, Hiromi., People from my neighbourhood /, 2021.